| 000 | 00966nam a2200313 a 4500 | ||
|---|---|---|---|
| 999 |
_c7526 _d7526 |
||
| 001 | 991042357819706706 | ||
| 003 | OSt | ||
| 005 | 20211210135512.0 | ||
| 008 | 051130s1969 sp |||||| 001 ||spa | ||
| 017 | _aDL M. 19316-1969 | ||
| 035 | _a(ES-BaCBU)b21139258-34csuc_network | ||
| 035 | _a(ES-BaCBU).b21139258 | ||
| 035 | _a(ccuc001)b21139258 | ||
| 035 | _a(OCoLC)807664574 | ||
| 040 |
_aES-BaBC _bcat _cCDMR |
||
| 090 |
_aPQ6533.Z5 _bM86 1969 |
||
| 100 | 1 | _aMuñiz, Mauro. | |
| 245 | 1 | 0 |
_aLarra / _cMauro Muñiz |
| 260 |
_aMadrid : _bEPESA, _c1969 |
||
| 300 |
_a177 p. ; _c17 cm |
||
| 490 | 1 |
_aGrandes escritores contemporáneos ; _v9 |
|
| 504 | _aBibliografia. Índex | ||
| 600 | 1 | 0 |
_aLarra, Mariano José de _xCrítica i interpretació. _2lemac _92357 |
| 830 | 0 |
_aGrandes escritores contemporáneos ; _v9 |
|
| 907 |
_a.b21139258 _b26-02-21 _c07-05-08 _d07-05-08 _em _fa _g- _hspa _isp _j0 _k2 |
||
| 908 |
_aBC _aURV _aUPF |
||
| 940 | _aBC | ||
| 942 |
_2udc _cMON |
||